| 000 | 00503nam a2200181Ia 4500 | ||
|---|---|---|---|
| 999 |
_c28562 _d28562 |
||
| 003 | OSt | ||
| 005 | 20201230114127.0 | ||
| 008 | 190216s9999||||xx |||||||||||||| ||und|| | ||
| 020 | _a9788126403899 | ||
| 040 | _coclc | ||
| 082 |
_a894.8128 _bNAI/B |
||
| 100 |
_aNair, P Kesavan _95283 |
||
| 245 | 0 |
_aBhawtikathinappurm / _cP Kesavan Nair |
|
| 260 |
_bDc Books, _aKottayam: _c2003. |
||
| 300 | _a103p | ||
| 650 | _aPadanam | ||
| 942 |
_cBK _2ddc _h894.8128 _iNAI/B _k894.8128 _mNAI/B |
||